00556nam a2200181 a 4500008004100000020002200041100002000063245008700083260004800170300001700218300003300235504004300268700001900311700001700330003000100347005001700348040000900365  a0582447763 (pbk.)1 aBrewster, Jean.10aThe primary English teacher's guide /cJean Brewster, Gail Ellis and Denis Girard. aHarlow :bPearson Education Limited,c2002. aNew edition. aiv, 283 p. :bill. ;c21 cm. aIncludes bibliographical references.  aGirard, Denis. aEllis, Gail.20230123125006.0 cNUST